[Event "Cheliabinsk Variation-B"]
[White "Alymbay, Kyzy Aizhan"]
[Black "Vanishvili, Mari"]
[Site "Cheliabinsk"]
[Round "6"]
[Result "1/2-1/2"]
[Date "2022.04.06"]
[WhiteElo "1889"]
[BlackElo "1894"]
[PlyCount "86"]
[EventDate "2022.04.01"]
[EventType "swiss"]
[EventRounds "9"]
[EventCountry "RUS"]
[SourceTitle "CBM 207 Extra"]
[Source "ChessBase"]
[SourceDate "2022.05.31"]
[SourceVersion "1"]
[SourceVersionDate "2022.05.31"]
[SourceQuality "1"]

1. e4 c6 2. d4 d5 3. Nc3 dxe4 4. Nxe4 Nf6 5. Nxf6+ exf6 6. Bc4 Bd6 7. Ne2 0-0 8. 0-0 Re8 9. Ng3 g6 10. c3 Be6 11. Bd3 Nd7 12. Bh6 f5 13. Qd2 Be7 14. b3 Bf6 15. Rae1 b5 16. Bb1 Nb6 17. Ne2 Nd5 18. Nf4 Nxf4 19. Bxf4 a5 20. Be5 a4 21. Bxf6 Qxf6 22. Bc2 axb3 23. Bxb3 Kg7 24. h3 Rad8 25. Qf4 g5 26. Qf3 Bd5 27. Bxd5 Rxe1 28. Rxe1 Rxd5 29. Re8 Rd6 30. Re5 Kg6 31. g4 fxg4 32. Qe4+ Kg7 33. Qxg4 h6 34. h4 Qf4 35. Qxf4 gxf4 36. Kg2 b4 37. cxb4 Rxd4 38. a3 Rd3 39. Rc5 Rxa3 40. Rxc6 Rb3 41. Rc4 f3+ 42. Kg3 Kg6 43. Rf4 f6 1/2-1/2

[Event "Cheliabinsk Variation-B"]
[White "Zvereva, Margarita"]
[Black "Alymbay, Kyzy Aizhan"]
[Site "Cheliabinsk"]
[Round "3"]
[Result "1-0"]
[Date "2022.04.03"]
[WhiteElo "2058"]
[BlackElo "1889"]
[PlyCount "73"]
[EventDate "2022.04.01"]
[EventType "swiss"]
[EventRounds "9"]
[EventCountry "RUS"]
[SourceTitle "CBM 207 Extra"]
[Source "ChessBase"]
[SourceDate "2022.05.31"]
[SourceVersion "1"]
[SourceVersionDate "2022.05.31"]
[SourceQuality "1"]

1. e4 c6 2. d4 d5 3. e5 Bf5 4. Nf3 e6 5. Be2 Ne7 6. 0-0 h6 7. Nbd2 Bh7 8. Nb3 Nd7 9. a4 Nf5 10. a5 a6 11. c3 Be7 12. g4 Nh4 13. Nxh4 Bxh4 14. f4 f5 15. c4 0-0 16. Be3 Kh8 17. Qd2 Qe7 18. g5 hxg5 19. fxg5 c5 20. Bf4 dxc4 21. Bxc4 cxd4 22. Rf3 Rac8 23. Bd3 Nxe5 24. Bxe5 Bxg5 25. Qe1 Be3+ 26. Kh1 Rcd8 27. Qg3 Rd5 28. Ra4 Bg5 29. Rxd4 Rxd4 30. Bxd4 Bf6 31. Bc5 Qf7 32. Bxf8 Qxf8 33. Qc7 g6 34. Nc5 e5 35. Rh3 Bg7 36. Ne6 Qg8 37. Bc4 1-0

[Event "Cheliabinsk Variation-B"]
[White "Tomilova, Elena"]
[Black "Alymbay, Kyzy Aizhan"]
[Site "Cheliabinsk"]
[Round "1"]
[Result "1-0"]
[Date "2022.04.01"]
[WhiteElo "2264"]
[BlackElo "1889"]
[PlyCount "89"]
[EventDate "2022.04.01"]
[EventType "swiss"]
[EventRounds "9"]
[EventCountry "RUS"]
[SourceTitle "CBM 207 Extra"]
[Source "ChessBase"]
[SourceDate "2022.05.31"]
[SourceVersion "1"]
[SourceVersionDate "2022.05.31"]
[SourceQuality "1"]

1. c4 c6 2. d4 d5 3. Nf3 Nf6 4. e3 e6 5. Nbd2 Nbd7 6. Bd3 dxc4 7. Nxc4 Be7 8. 0-0 0-0 9. b3 b6 10. Bb2 Bb7 11. Nfe5 c5 12. Nxd7 Qxd7 13. dxc5 Qd5 14. e4 Nxe4 15. Ne3 Qxc5 16. Rc1 Qg5 17. Rc4 Nxf2 18. Kxf2 Bc5 19. Rxc5 bxc5 20. Qg4 Qxg4 21. Nxg4 Rad8 22. Rd1 Be4 23. Ke3 f5 24. Nf2 Bxg2 25. Rg1 f4+ 26. Kd2 f3 27. Re1 Rd6 28. Ba3 Rf5 29. Kc3 Rh5 30. h4 Rc6 31. Re4 g5 32. hxg5 Rxg5 33. Bc1 Rh5 34. Be3 Bh3 35. Bb5 Rb6 36. Be8 Bf5 37. Bxh5 Bxe4 38. Nxe4 Rb7 39. Bxc5 Kg7 40. Bxf3 Rf7 41. Be2 Kg6 42. Bd3 Kh5 43. Bc4 Rf3+ 44. Kd4 h6 45. Be2 1-0

[Event "Wch Rapid (Women)"]
[White "Alymbay, Kyzy Aizhan"]
[Black "Heredia Serrano, Carla Sofia"]
[Site "Warsaw"]
[Round "4"]
[Result "1-0"]
[Date "2021.12.26"]
[WhiteElo "1889"]
[BlackElo "2121"]
[PlyCount "139"]
[EventDate "2021.12.26"]
[EventType "swiss (rapid)"]
[EventRounds "11"]
[EventCountry "POL"]
[SourceTitle "CBM 205 Extra"]
[Source "ChessBase"]
[SourceDate "2022.01.31"]
[SourceVersion "1"]
[SourceVersionDate "2022.01.31"]
[SourceQuality "1"]

1. e4 c6 2. d4 d5 3. Nc3 dxe4 4. Nxe4 Bf5 5. Ng3 Bg6 6. h4 h6 7. Nh3 e6 8. Nf4 Bh7 9. Bc4 Nf6 10. 0-0 Bd6 11. Qe2 0-0 12. c3 Re8 13. Nfh5 Nxh5 14. Qxh5 Nd7 15. Qg4 Nf6 16. Qf3 Nd5 17. Qg4 Nf6 18. Qf3 Nd5 19. Qg4 Qf6 20. Ne4 Bxe4 21. Qxe4 Nf4 22. g3 Ng6 23. Kg2 e5 24. Be3 exd4 25. Qxd4 Be5 26. Qg4 Rad8 27. Rad1 Nf8 28. Bxa7 c5 29. Qf3 Qxf3+ 30. Kxf3 Bd6 31. Bb6 Ne6 32. Bxe6 fxe6 33. Bxd8 Rxd8 34. Rfe1 Kf7 35. Re4 Ke7 36. Ra4 Rf8+ 37. Kg2 Kd7 38. Re4 h5 39. Re5 c4 40. Rxh5 Kc7 41. Rg5 Rf7 42. Rg4 b5 43. b3 Bc5 44. Rd2 cxb3 45. axb3 Kc6 46. Re4 Rf6 47. Rde2 Kd5 48. Re5+ Kd6 49. b4 Bxf2 50. Rxe6+ Rxe6 51. Rxe6+ Kxe6 52. Kxf2 Kf5 53. Ke3 Kg4 54. Kd4 Kxg3 55. c4 bxc4 56. b5 Kxh4 57. b6 g5 58. b7 g4 59. b8Q Kh3 60. Qb1 Kh2 61. Qc2+ Kh3 62. Qd1 c3 63. Kxc3 Kg3 64. Qg1+ Kf3 65. Kd3 g3 66. Qf1+ Kg4 67. Qg2 Kh4 68. Ke3 Kg4 69. Ke4 Kh4 70. Kf4 1-0

[Event "Online Olym Div2 A"]
[White "Antova, Gabriela"]
[Black "Alymbay, Kyzy Aizhan"]
[Site "Chess.com INT"]
[Round "4.4"]
[Result "1-0"]
[Date "2020.08.15"]
[WhiteElo "2279"]
[BlackElo "1908"]
[PlyCount "57"]
[EventDate "2020.08.14"]
[EventType "team-tourn (rapid)"]
[EventRounds "9"]
[EventCountry "USA"]
[SourceTitle "CBM 198"]
[Source "ChessBase"]
[SourceDate "2020.10.31"]
[SourceVersion "1"]
[SourceVersionDate "2020.10.31"]
[SourceQuality "1"]
[WhiteTeam "Bulgaria"]
[BlackTeam "Kyrgyzstan"]
[WhiteTeamCountry "BUL"]
[BlackTeamCountry "KGZ"]

1. d4 d5 2. c4 c6 3. Nf3 Nf6 4. Nc3 e6 5. e3 Nbd7 6. Qc2 b6 7. b3 Bb7 8. Bd3 Bd6 9. Bb2 0-0 10. 0-0 h6 11. Rfd1 Rc8 12. Rac1 c5 13. cxd5 exd5 14. Qe2 Bb8 15. dxc5 bxc5 16. Ba6 Qb6 17. Bxb7 Qxb7 18. Na4 Bd6 19. Nh4 Qb8 20. h3 Rfe8 21. Nf5 d4 22. Nxd6 Qxd6 23. Qc2 Qa6 24. exd4 cxd4 25. Qd2 Re2 26. Rxc8+ Kh7 27. Qd3+ Qxd3 28. Rxd3 Re1+ 29. Kh2 1-0

[Event "Online Olym Div2 A"]
[White "Sultana, Sharmin Shirin"]
[Black "Alymbay, Kyzy Aizhan"]
[Site "Chess.com INT"]
[Round "6.4"]
[Result "1-0"]
[Date "2020.08.15"]
[WhiteElo "2002"]
[BlackElo "1908"]
[PlyCount "95"]
[EventDate "2020.08.14"]
[EventType "team-tourn (rapid)"]
[EventRounds "9"]
[EventCountry "USA"]
[SourceTitle "CBM 198"]
[Source "ChessBase"]
[SourceDate "2020.10.31"]
[SourceVersion "1"]
[SourceVersionDate "2020.10.31"]
[SourceQuality "1"]
[WhiteTeam "Bangladesh"]
[BlackTeam "Kyrgyzstan"]
[WhiteTeamCountry "BAN"]
[BlackTeamCountry "KGZ"]

1. d4 d5 2. Nf3 Nf6 3. c4 c6 4. Nc3 e6 5. Bg5 h6 6. Bh4 dxc4 7. e4 g5 8. Bg3 b5 9. e5 Nd5 10. Be2 Bb4 11. Qc2 Qa5 12. 0-0 Bxc3 13. bxc3 Qxc3 14. Qb1 Qa3 15. Rc1 Nd7 16. Qc2 a6 17. Nd2 Qe7 18. Ne4 h5 19. h3 Kf8 20. Qd2 h4 21. Bh2 Rg8 22. Bg4 Bb7 23. Nd6 Rb8 24. Re1 c3 25. Qd3 Rh8 26. Bf3 N7b6 27. Be4 Ba8 28. Rf1 Rd8 29. f4 Nc8 30. fxg5 Nxd6 31. exd6 Qxg5 32. Rae1 Rd7 33. Bg6 Kg7 34. Be4 Kf8 35. Bxd5 cxd5 36. Qxc3 Rg8 37. Rf2 Kg7 38. Be5+ Kh7 39. Qd3+ Qg6 40. Qe3 f5 41. Rc1 Rf7 42. Bf4 Rd7 43. Rc7 Rxc7 44. dxc7 Bb7 45. Re2 Qh5 46. Qxe6 Rg6 47. Qf7+ Kh8 48. Re8+ 1-0

[Event "Olympiad Women-42"]
[White "Alymbay, Kyzy Aizhan"]
[Black "Mendis, Dasuni Hansika"]
[Site "Baku"]
[Round "8.3"]
[Result "1-0"]
[Date "2016.09.10"]
[WhiteElo "1913"]
[BlackElo "1699"]
[PlyCount "55"]
[EventDate "2016.09.02"]
[EventType "team-swiss"]
[EventRounds "11"]
[EventCountry "AZE"]
[SourceTitle "CBM 174 Extra"]
[Source "ChessBase"]
[SourceDate "2016.10.10"]
[SourceVersion "1"]
[SourceVersionDate "2016.10.10"]
[SourceQuality "1"]
[WhiteTeam "Kyrgyzstan (W)"]
[BlackTeam "Sri Lanka (W)"]
[WhiteTeamCountry "KGZ"]
[BlackTeamCountry "SRI"]

1. e4 c6 2. d4 d5 3. Nc3 dxe4 4. Nxe4 Bf5 5. Ng3 Bg6 6. h4 h6 7. Nh3 e6 8. Nf4 Bh7 9. Bc4 Bd6 10. Ngh5 g6 11. Ng3 Nf6 12. Be3 Nbd7 13. Qd2 Ng4 14. 0-0-0 Nxe3 15. Qxe3 Qf6 16. Nd3 Bxg3 17. fxg3 Qg7 18. Bb3 0-0-0 19. d5 exd5 20. Qxa7 g5 21. Qf2 Be4 22. c4 dxc4 23. Bxc4 Rhf8 24. Rhe1 Qh7 25. Nc5 Nxc5 26. Qxc5 Bxg2 27. Bd3 Qg7 28. Qa7 1-0

[Event "Olympiad Women-42"]
[White "Alymbay, Kyzy Aizhan"]
[Black "Salim Moussa, Arzy Zahia"]
[Site "Baku"]
[Round "2.49"]
[Result "1-0"]
[Date "2016.09.03"]
[WhiteElo "1913"]
[BlackElo "1403"]
[PlyCount "43"]
[EventDate "2016.09.02"]
[EventType "team-swiss"]
[EventRounds "11"]
[EventCountry "AZE"]
[SourceTitle "CBM 174 Extra"]
[Source "ChessBase"]
[SourceDate "2016.10.10"]
[SourceVersion "1"]
[SourceVersionDate "2016.10.10"]
[SourceQuality "1"]
[WhiteTeam "Kyrgyzstan (W)"]
[BlackTeam "Netherlands Antilles (W)"]
[WhiteTeamCountry "KGZ"]
[BlackTeamCountry "AHO"]

1. e4 e5 2. Nf3 Nc6 3. Nc3 d6 4. d4 exd4 5. Nxd4 Nxd4 6. Qxd4 Bd7 7. Bc4 Nf6 8. 0-0 c5 9. Qd3 Be7 10. Bf4 0-0 11. Bxd6 Bxd6 12. Qxd6 Qc8 13. Qg3 Be6 14. Be2 Rd8 15. Rfd1 Rxd1+ 16. Rxd1 Bg4 17. Nd5 Qb8 18. Nxf6+ gxf6 19. Qxg4+ Kh8 20. Qf5 Qe5 21. Qxe5 fxe5 22. Rd7 1-0

[Event "KGZ-ch (Women)"]
[White "Alymbay, Kyzy Aizhan"]
[Black "Musaeva, Shakhnazi"]
[Site "Bishkek"]
[Round "9"]
[Result "1/2-1/2"]
[Date "2016.05.04"]
[WhiteElo "1922"]
[BlackElo "1612"]
[PlyCount "72"]
[EventDate "2016.04.26"]
[EventType "tourn"]
[EventRounds "9"]
[EventCountry "KGZ"]
[SourceTitle "CBM 172 Extra"]
[Source "ChessBase"]
[SourceDate "2016.06.21"]
[SourceVersion "1"]
[SourceVersionDate "2016.06.21"]
[SourceQuality "1"]

1. e4 c5 2. c3 e6 3. Nf3 Nc6 4. d4 d5 5. exd5 exd5 6. dxc5 Bxc5 7. Be2 Nf6 8. 0-0 0-0 9. Nbd2 Bb6 10. Nb3 Re8 11. Nbd4 a6 12. Re1 Qc7 13. Bd3 Bg4 14. Be3 Ne4 15. Qc2 h6 16. Nxc6 bxc6 17. Bxb6 Qxb6 18. Nd4 Nf6 19. h3 Be6 20. Qb3 Qc7 21. Nxe6 fxe6 22. Bg6 Re7 23. Re3 e5 24. Rae1 Qd6 25. Qd1 Rf8 26. Qe2 Nd7 27. Qg4 Rf4 28. Qxf4 exf4 29. Rxe7 Qxg6 30. Rxd7 f3 31. g3 Qc2 32. Ree7 Qb1+ 33. Kh2 Qc2 34. Rxg7+ Kh8 35. Rh7+ Kg8 36. Rhg7+ Kh8 1/2-1/2

[Event "KGZ-ch (Women)"]
[White "Alymbay, Kyzy Aizhan"]
[Black "Omurbekova, Diana"]
[Site "Bishkek"]
[Round "4"]
[Result "1-0"]
[Date "2016.04.29"]
[WhiteElo "1922"]
[BlackElo "1732"]
[PlyCount "93"]
[EventDate "2016.04.26"]
[EventType "tourn"]
[EventRounds "9"]
[EventCountry "KGZ"]
[SourceTitle "CBM 172 Extra"]
[Source "ChessBase"]
[SourceDate "2016.06.21"]
[SourceVersion "1"]
[SourceVersionDate "2016.06.21"]
[SourceQuality "1"]

1. e4 e5 2. Nf3 Nc6 3. Nc3 Nf6 4. Bb5 Bb4 5. 0-0 d6 6. d3 h6 7. Nd5 Bc5 8. d4 exd4 9. Nxd4 Bd7 10. Nb3 Bb6 11. Nxb6 axb6 12. c3 0-0 13. Bd3 Ne5 14. Bc2 Re8 15. Nd4 Ng6 16. Re1 Qe7 17. Bd2 Ne5 18. Nf5 Qf8 19. b3 Rad8 20. Qc1 Ng6 21. c4 Bxf5 22. exf5 Rxe1+ 23. Bxe1 Ne5 24. Qf4 Qe7 25. Bc3 Nfd7 26. h4 Qf6 27. Qg3 Qe7 28. f4 f6 29. fxe5 dxe5 30. Qe3 Qc5 31. Qxc5 Nxc5 32. Rd1 Rxd1+ 33. Bxd1 Ne4 34. Be1 Kf7 35. Bf3 Nd6 36. g4 g6 37. fxg6+ Kxg6 38. Kf2 e4 39. Bg2 h5 40. gxh5+ Kxh5 41. Ke3 f5 42. Bg3 Kg4 43. Bxd6 cxd6 44. Bxe4 fxe4 45. Kxe4 Kxh4 46. Kd5 Kg5 47. Kxd6 1-0

[Event "KGZ-ch (Women)"]
[White "Alymbay, Kyzy Aizhan"]
[Black "Lee, Dariya"]
[Site "Bishkek"]
[Round "2"]
[Result "1-0"]
[Date "2016.04.27"]
[WhiteElo "1922"]
[BlackElo "1423"]
[PlyCount "61"]
[EventDate "2016.04.26"]
[EventType "tourn"]
[EventRounds "9"]
[EventCountry "KGZ"]
[SourceTitle "CBM 172 Extra"]
[Source "ChessBase"]
[SourceDate "2016.06.21"]
[SourceVersion "1"]
[SourceVersionDate "2016.06.21"]
[SourceQuality "1"]

1. e4 c5 2. c3 Nf6 3. e5 Nd5 4. Nf3 d6 5. exd6 Qxd6 6. d4 cxd4 7. Nxd4 Nc6 8. Be2 Nxd4 9. Qxd4 e6 10. 0-0 Be7 11. Qxg7 Bf6 12. Qg3 Be5 13. f4 Qb6+ 14. Kh1 Bf6 15. Na3 Bd7 16. Nc4 Qc7 17. Ne5 Bc6 18. Nxc6 Qxc6 19. Bf3 0-0-0 20. Qf2 Kb8 21. Be3 a6 22. Rac1 Qd7 23. Rfd1 Qe7 24. Bc5 Qe8 25. c4 Nxf4 26. Bd6+ Rxd6 27. Rxd6 Be7 28. Rb6 Nd3 29. Rxb7+ Kc8 30. Qb6 Bd6 31. Qxd6 1-0

[Event "Asian Continental op (Women) 14th"]
[White "Antonova, Nadezhda"]
[Black "Alymbay, Kyzy Aizhan"]
[Site "Al Ain"]
[Round "4"]
[Result "1-0"]
[Date "2015.08.05"]
[WhiteElo "2011"]
[BlackElo "1903"]
[PlyCount "124"]
[EventDate "2015.08.02"]
[EventType "swiss"]
[EventRounds "9"]
[EventCountry "UAE"]
[SourceTitle "CBM 167 Extra"]
[Source "ChessBase"]
[SourceDate "2015.09.14"]
[SourceVersion "1"]
[SourceVersionDate "2015.09.14"]
[SourceQuality "1"]

1. d4 d5 2. Nf3 Nf6 3. e3 e6 4. Bd3 c6 5. Nbd2 Bd6 6. Ne5 Nbd7 7. f4 c5 8. c3 b6 9. 0-0 Bb7 10. Qf3 g6 11. Qh3 0-0 12. Ndf3 Kg7 13. Ng5 Qe7 14. Ng4 Nh5 15. Ne5 Bxe5 16. dxe5 Nxe5 17. Be2 h6 18. fxe5 hxg5 19. g4 Qc7 20. gxh5 Qxe5 21. e4 Rh8 22. Qg3 Qxg3+ 23. hxg3 dxe4 24. Bxg5 f5 25. Rad1 gxh5 26. Rd7+ Kg6 27. Bf4 Rh7 28. Rxh7 Kxh7 29. Bxh5 Kg7 30. Rd1 Bd5 31. c4 Bc6 32. Be5+ Kf8 33. Kf2 Ke7 34. Ke3 Be8 35. Be2 Bg6 36. a3 a6 37. Rd6 Rb8 38. Rxe6+ Kxe6 39. Bxb8 Kd7 40. g4 fxg4 41. Bxg4+ Kc6 42. Bc8 a5 43. Be6 b5 44. Bd5+ Kb6 45. Bd6 bxc4 46. Bxc4 Kc6 47. Be7 a4 48. Kf4 Bh7 49. Bf7 Kb5 50. Be8+ Kc4 51. Bxa4 Kd4 52. Bc2 c4 53. Bf6+ Kc5 54. Bxe4 Bg8 55. Bc3 Bf7 56. Ke5 Be8 57. Bb4+ Kb5 58. Kd6 Kb6 59. Bd5 Bb5 60. Ke5 Ka7 61. Kd4 Be8 62. Bxc4 Bc6 1-0

[Event "Asian Continental op (Women) 14th"]
[White "Pratyusha, Bodda"]
[Black "Alymbay, Kyzy Aizhan"]
[Site "Al Ain"]
[Round "2"]
[Result "1-0"]
[Date "2015.08.03"]
[WhiteElo "2194"]
[BlackElo "1903"]
[PlyCount "76"]
[EventDate "2015.08.02"]
[EventType "swiss"]
[EventRounds "9"]
[EventCountry "UAE"]
[SourceTitle "CBM 167 Extra"]
[Source "ChessBase"]
[SourceDate "2015.09.14"]
[SourceVersion "1"]
[SourceVersionDate "2015.09.14"]
[SourceQuality "1"]

1. d4 Nf6 2. c4 e6 3. Nc3 Bb4 4. Qc2 d5 5. cxd5 Qxd5 6. Nf3 Qf5 7. Qxf5 exf5 8. Bd2 0-0 9. e3 c6 10. Bd3 Re8 11. 0-0 Bd6 12. Rfc1 Ne4 13. Be1 Nd7 14. Ne2 Ndf6 15. b4 Bd7 16. a4 Nd5 17. b5 Rac8 18. g3 Kh8 19. Bc4 Be6 20. bxc6 Rxc6 21. Bb5 Rxc1 22. Rxc1 Rd8 23. Nf4 Nxf4 24. gxf4 f6 25. h4 Rg8 26. Kf1 h6 27. h5 Bb8 28. Nh4 Rd8 29. a5 Rc8 30. Rxc8+ Bxc8 31. d5 Kg8 32. Bd3 Kf7 33. f3 Nd6 34. Bb4 Bd7 35. Kf2 Bc7 36. e4 fxe4 37. fxe4 Nb5 38. Ng6 a6 1-0

[Event "Asian Continental op (Women) 14th"]
[White "Alymbay, Kyzy Aizhan"]
[Black "Gomes, Mary Ann"]
[Site "Al Ain"]
[Round "1"]
[Result "0-1"]
[Date "2015.08.02"]
[WhiteElo "1903"]
[BlackElo "2314"]
[PlyCount "114"]
[EventDate "2015.08.02"]
[EventType "swiss"]
[EventRounds "9"]
[EventCountry "UAE"]
[SourceTitle "CBM 167 Extra"]
[Source "ChessBase"]
[SourceDate "2015.09.14"]
[SourceVersion "1"]
[SourceVersionDate "2015.09.14"]
[SourceQuality "1"]

1. e4 c5 2. Nf3 d6 3. d4 cxd4 4. Nxd4 Nf6 5. Nc3 a6 6. Be2 e5 7. Nb3 Be7 8. 0-0 0-0 9. Be3 Be6 10. f4 exf4 11. Bxf4 Nc6 12. Kh1 Rc8 13. Nd4 Nxd4 14. Qxd4 Ne8 15. Rad1 Qa5 16. e5 dxe5 17. Bxe5 Rd8 18. Qe3 Rxd1 19. Rxd1 Bf6 20. Bxf6 Nxf6 21. a3 Rc8 22. h3 Qc7 23. Bf3 Bf5 24. Re1 h6 25. Qf2 b5 26. Bd5 Bg6 27. Bb3 Rd8 28. Kg1 Rd7 29. Qe2 Kh7 30. Rd1 Re7 31. Qf2 Qe5 32. Rd2 Qg5 33. Rd1 Bh5 34. Re1 Rd7 35. Qe3 Qxe3+ 36. Rxe3 g5 37. Rd3 Bg6 38. Rxd7 Nxd7 39. Bd5 Kg7 40. Be4 Bxe4 41. Nxe4 f5 42. Nc3 Nb6 43. b3 Kf6 44. Kf2 Ke5 45. Ke3 h5 46. g3 Nc8 47. Na2 a5 48. Nc3 Nd6 49. Kf3 g4+ 50. Kg2 Kd4 51. Nd1 Ne4 52. h4 Nc3 53. Nb2 Nd5 54. a4 bxa4 55. Nxa4 Ne3+ 56. Kf2 Nxc2 57. Nb6 Na1 0-1

[Event "Dushanbe zt 3.4 (Women)"]
[White "Alymbay, Kyzy Aizhan"]
[Black "Abdusattorova, Bakhora"]
[Site "Dushanbe"]
[Round "6"]
[Result "0-1"]
[Date "2015.06.09"]
[WhiteElo "1879"]
[BlackElo "2232"]
[PlyCount "44"]
[EventDate "2015.06.04"]
[EventType "swiss"]
[EventRounds "9"]
[EventCountry "TJK"]
[SourceTitle "CBM 167 Extra"]
[Source "ChessBase"]
[SourceDate "2015.09.14"]
[SourceVersion "1"]
[SourceVersionDate "2015.09.14"]
[SourceQuality "1"]

1. e4 e5 2. Nf3 Nc6 3. d4 exd4 4. Nxd4 Bb4+ 5. c3 Bc5 6. Nxc6 bxc6 7. Bd3 Ne7 8. 0-0 0-0 9. h3 d6 10. Nd2 Ng6 11. b4 Bb6 12. Nc4 f5 13. Nxb6 axb6 14. Qh5 Ne5 15. Qe2 f4 16. f3 Qg5 17. Kh1 Rf6 18. Rf2 Qg3 19. Bc2 Rh6 20. Bb2 Bxh3 21. gxh3 Rxh3+ 22. Rh2 Nxf3 0-1

[Event "Dushanbe zt 3.4 (Women)"]
[White "Kakhramonova, Mokhinur"]
[Black "Alymbay, Kyzy Aizhan"]
[Site "Dushanbe"]
[Round "5"]
[Result "1/2-1/2"]
[Date "2015.06.08"]
[WhiteElo "2035"]
[BlackElo "1879"]
[PlyCount "116"]
[EventDate "2015.06.04"]
[EventType "swiss"]
[EventRounds "9"]
[EventCountry "TJK"]
[SourceTitle "CBM 167 Extra"]
[Source "ChessBase"]
[SourceDate "2015.09.14"]
[SourceVersion "1"]
[SourceVersionDate "2015.09.14"]
[SourceQuality "1"]

1. e4 c6 2. d4 d5 3. Nd2 dxe4 4. Nxe4 Bf5 5. Ng3 Bg6 6. h4 h6 7. Nf3 Nd7 8. h5 Bh7 9. Bd3 Bxd3 10. Qxd3 e6 11. Bd2 Ngf6 12. 0-0-0 Be7 13. Qe2 c5 14. dxc5 Qc7 15. Bc3 0-0 16. c6 Qxc6 17. Ne5 Nxe5 18. Bxe5 Rfd8 19. f4 Rd5 20. Rxd5 Qxd5 21. Kb1 Rd8 22. Bc3 Qc6 23. a3 Nd5 24. Bd2 Qb6 25. Qf3 Bf6 26. Bc1 Nc3+ 27. Ka1 Na4 28. Qb3 Qxb3 29. cxb3 Nc5 30. b4 Nb3+ 31. Kb1 Nxc1 32. Rxc1 Rd2 33. Rc2 Rxc2 34. Kxc2 Kf8 35. Ne4 Ke7 36. b3 g6 37. hxg6 fxg6 38. a4 e5 39. fxe5 Bxe5 40. Kd3 h5 41. Nf2 g5 42. Ke4 Kf6 43. b5 g4 44. a5 Bc3 45. a6 bxa6 46. bxa6 Ba5 47. Nd3 Bc7 48. b4 Kg5 49. Nc5 Kh4 50. Ne6 Bb8 51. Nf4 Kg3 52. Nxh5+ Kxg2 53. b5 g3 54. b6 axb6 55. Kd5 Ba7 56. Kc6 b5 57. Kxb5 Kf2 58. Nxg3 Kxg3 1/2-1/2

[Event "Dushanbe zt 3.4 (Women)"]
[White "Kurbonboeva, Sarvinoz"]
[Black "Alymbay, Kyzy Aizhan"]
[Site "Dushanbe"]
[Round "1"]
[Result "1/2-1/2"]
[Date "2015.06.04"]
[WhiteElo "2242"]
[BlackElo "1879"]
[PlyCount "112"]
[EventDate "2015.06.04"]
[EventType "swiss"]
[EventRounds "9"]
[EventCountry "TJK"]
[SourceTitle "CBM 167 Extra"]
[Source "ChessBase"]
[SourceDate "2015.09.14"]
[SourceVersion "1"]
[SourceVersionDate "2015.09.14"]
[SourceQuality "1"]

1. e4 c5 2. c3 d5 3. exd5 Qxd5 4. d4 Nf6 5. Nf3 e6 6. Na3 Be7 7. Nb5 Na6 8. Be3 Ng4 9. Bd2 Bd7 10. Be2 cxd4 11. Nbxd4 e5 12. Nc2 Nc5 13. 0-0 Ne4 14. Ne3 Qd6 15. Nxg4 Bxg4 16. Qa4+ Kf8 17. Qxe4 Bxf3 18. Bxf3 Qxd2 19. Qxb7 Re8 20. Rad1 Qg5 21. Bc6 Rd8 22. Rxd8+ Bxd8 23. g3 h5 24. Qxa7 h4 25. Qd7 g6 26. Rd1 Kg7 27. Bf3 hxg3 28. hxg3 Bb6 29. Qg4 Qh6 30. Kf1 Qh2 31. Bg2 Qh6 32. Qb4 Bd8 33. Qd6 Qg5 34. Qd2 Qf6 35. Qd6 Qg5 36. Qd2 Qf6 37. b4 Bb6 38. Qe2 Rc8 39. Rd3 Rc4 40. Bd5 e4 41. Bxc4 exd3 42. Bxd3 Qxc3 43. b5 Qd4 44. Kg2 f5 45. a4 Kf6 46. Bc4 Qe4+ 47. f3 Qxe2+ 48. Bxe2 Ke5 49. f4+ Kd4 50. Kf3 Kc3 51. g4 Bc7 52. g5 Kb4 53. Bd3 Kxa4 54. Bc4 Kb4 55. Bf7 Kxb5 56. Bxg6 Kc5 1/2-1/2